Cenové rozhodovanie a cenový manažment podniku s ohľadom na vnímanie hodnoty produktu diplomová práca

Salvato in:
Dettagli Bibliografici
Autore principale: Kovács, Máté
Ente Autore: Fakulta podnikového manažmentu EU. Katedra podnikovohospodárska
Altri autori: Kufelová, Iveta, 1970-
Natura: Libro
Lingua:slovacco
Pubblicazione: Bratislava 2025
Tags: Aggiungi Tag
Nessun Tag, puoi essere il primo ad aggiungerne!!

MARC

LEADER 00000nbm a2200000 4500
001 0310049
005 20251212082138.6
041 0 |a slo 
044 |a SK 
245 1 0 |a Cenové rozhodovanie a cenový manažment podniku s ohľadom na vnímanie hodnoty produktu  |b diplomová práca  |c Máté Kovács ; školiteľ: Iveta Kufelová 
264 1 |a Bratislava  |c 2025 
300 |a 57 s. 
100 1 |a Kovács, Máté 
700 1 |a Kufelová, Iveta, 1970- 
710 2 |a Fakulta podnikového manažmentu EU. Katedra podnikovohospodárska